000 00580nam a2200205Ia 4500
003 GCL
008 140319s9999 xx 000 0 ara d
040 _aGCL /
_cGCL
082 0 4 _a412
_bهـ ك
100 1 _aهفنر اوغث
245 1 0 _aالكنز اللغوى فى اللسان العربى /
_cهفنر اوغث
260 _a[S.N] :
_bمكتبة المتنبى
300 _a392 ص
490 _a
650 0 4 _aالاشتقاق
650 0 4 _aاللغة العربية
650 0 4 _aالفاظ
650 0 4 _aالمترادفات والاضداد
942 _2ddc
_cBK
999 _c30910
_d30910